[Event "Sachsen-ch U16 Girls"]
[Site "Sebnitz"]
[Date "2007.04.13"]
[Round "6"]
[White "Demmler, Julia"]
[Black "Gahn, Juliane"]
[Result "0-1"]
[WhiteElo "1497"]
[BlackElo "1648"]
[PlyCount "144"]
[EventDate "2007.04.10"]
[EventType "swiss"]
[EventRounds "7"]
[EventCountry "GER"]
[SourceTitle "EXT 2008"]
[Source "ChessBase"]
[SourceDate "2007.11.25"]
[SourceVersion "1"]
[SourceVersionDate "2007.11.25"]
[SourceQuality "1"]

1. e4 c5 2. Nf3 e6 3. d4 cxd4 4. Nxd4 a6 5. Nc3 Qc7 6. Bd3 Nf6 7. 0-0 Bc5 8. Nb3 Ba7 9. Kh1 b5 10. a3 Bb7 11. Qe2 Nc6 12. Be3 Bxe3 13. Qxe3 Ne5 14. f3 d5 15. exd5 Bxd5 16. Rfe1 Nxf3 17. gxf3 Ng4 18. Qd2 Bxf3+ 19. Kg1 Rd8 20. Rf1 Qb6+ 21. Rf2 Qxf2+ 22. Qxf2 Nxf2 23. Kxf2 Bb7 24. Nc5 Bc8 25. N3e4 Rd5 26. b4 0-0 27. Rg1 Kh8 28. Kg3 h6 29. h4 f5 30. Rf1 Rdd8 31. Nd2 e5 32. Ndb3 g5 33. hxg5 hxg5 34. Rh1+ Kg7 35. Rf1 Rd6 36. Kg2 Rh6 37. Rh1 Rxh1 38. Kxh1 g4 39. Kg2 f4 40. Ne4 Rh8 41. Nbc5 Rh6 42. Kg1 g3 43. Kg2 Rh2+ 44. Kg1 f3 45. Nb3 f2+ 46. Nxf2 Rxf2 47. Nc5 Bf5 48. Ne4 Bxe4 49. Bxe4 Rd2 50. Bb7 Rd6 51. Kg2 Rg6 52. Be4 Rg4 53. Bb7 Rc4 54. Bxa6 Rxc2+ 55. Kxg3 Rc3+ 56. Kf2 Rxa3 57. Bxb5 Rb3 58. Bc6 Rxb4 59. Ke3 Kf6 60. Be4 Kg5 61. Bc2 Rh4 62. Bb1 Rh1 63. Bc2 Re1+ 64. Kf3 Rc1 65. Be4 Rc3+ 66. Kf2 Kf4 67. Bb7 Rc2+ 68. Ke1 Ke3 69. Kd1 Rb2 70. Bc6 e4 71. Kc1 Rb6 72. Ba4 Kf2 0-1

[Event "Sachsen-ch U16 Girls"]
[Site "Sebnitz"]
[Date "2007.04.13"]
[Round "5"]
[White "Gahn, Juliane"]
[Black "Gahn, Cornelia"]
[Result "1-0"]
[WhiteElo "1648"]
[BlackElo "1596"]
[PlyCount "59"]
[EventDate "2007.04.10"]
[EventType "swiss"]
[EventRounds "7"]
[EventCountry "GER"]
[SourceTitle "EXT 2008"]
[Source "ChessBase"]
[SourceDate "2007.11.25"]
[SourceVersion "1"]
[SourceVersionDate "2007.11.25"]
[SourceQuality "1"]

1. d4 d5 2. Bf4 Nf6 3. h3 e6 4. e3 c5 5. c3 b6 6. Bd3 Bd6 7. Bb5+ Bd7 8. Bxd6 Bxb5 9. dxc5 Ne4 10. Qg4 Qf6 11. Qf3 Qxf3 12. Nxf3 Nxc5 13. Bxc5 bxc5 14. Nbd2 Nd7 15. Rc1 0-0 16. c4 dxc4 17. Nxc4 Bxc4 18. Rxc4 Rab8 19. b3 Rfc8 20. Ke2 Kf8 21. Rhc1 Ke7 22. b4 h6 23. Nd2 Nb6 24. Rxc5 Rxc5 25. bxc5 Na4 26. Nb3 Rc8 27. Rc4 Nb2 28. Rb4 Ke8 29. Nd4 Rxc5 30. Rxb2 1-0

[Event "Sachsen-ch U16 Girls"]
[Site "Sebnitz"]
[Date "2006.04.21"]
[Round "6"]
[White "Gahn, Juliane"]
[Black "Gahn, Cornelia"]
[Result "0-1"]
[WhiteElo "1626"]
[BlackElo "1556"]
[PlyCount "64"]
[EventDate "2006.04.18"]
[EventType "swiss"]
[EventRounds "7"]
[EventCountry "GER"]
[SourceTitle "EXT 2007"]
[Source "ChessBase"]
[SourceDate "2006.11.23"]
[SourceVersion "1"]
[SourceVersionDate "2006.11.23"]
[SourceQuality "1"]

1. d4 d5 2. Nf3 Bg4 3. Nbd2 Nf6 4. h3 Bxf3 5. Nxf3 e6 6. Bg5 h6 7. Bf4 Bd6 8. Bh2 Bxh2 9. Nxh2 Nbd7 10. e3 0-0 11. Bd3 c5 12. c3 b6 13. f4 c4 14. Bc2 Nh7 15. Nf3 Re8 16. g4 Ndf8 17. h4 b5 18. Qe2 a5 19. Kd2 b4 20. Rag1 bxc3+ 21. bxc3 Rb8 22. Rb1 Qc7 23. Ne5 Rxb1 24. Rxb1 Rb8 25. Qd1 f6 26. Rxb8 Qxb8 27. Nc6 Qc7 28. Ba4 Ng6 29. h5 Ne7 30. Nxe7+ Qxe7 31. Qb1 Qa3 32. Qb8+ Nf8 0-1

[Event "Sachsen-ch U16 Girls"]
[Site "Sebnitz"]
[Date "2006.04.18"]
[Round "1"]
[White "Nake, Marianne"]
[Black "Gahn, Juliane"]
[Result "1/2-1/2"]
[WhiteElo "1152"]
[BlackElo "1626"]
[PlyCount "53"]
[EventDate "2006.04.18"]
[EventType "swiss"]
[EventRounds "7"]
[EventCountry "GER"]
[SourceTitle "EXT 2007"]
[Source "ChessBase"]
[SourceDate "2006.11.23"]
[SourceVersion "1"]
[SourceVersionDate "2006.11.23"]
[SourceQuality "1"]

1. e4 c5 2. Nc3 e6 3. g3 Nc6 4. Bg2 Nge7 5. f4 d6 6. d3 g6 7. Be3 Bg7 8. Nf3 0-0 9. 0-0 b6 10. h3 Bb7 11. Qd2 Qd7 12. g4 f5 13. Rad1 Rad8 14. Ne2 Na5 15. Ng3 fxe4 16. Nxe4 Nac6 17. c3 Nd5 18. d4 Nxe3 19. Qxe3 cxd4 20. Nxd4 Nxd4 21. cxd4 h6 22. b3 Ba6 23. Rfe1 Rc8 24. Ng3 Rfe8 25. h4 Qd8 26. h5 gxh5 27. Nxh5 1/2-1/2

[Event "Leipzig VfB op 13th"]
[Site "Leipzig"]
[Date "2006.03.15"]
[Round "3"]
[White "Abromeit, Guenter"]
[Black "Gahn, Juliane"]
[Result "1-0"]
[WhiteElo "1943"]
[BlackElo "1640"]
[PlyCount "95"]
[EventDate "2006.03.14"]
[EventType "swiss"]
[EventRounds "9"]
[EventCountry "GER"]
[SourceTitle "EXT 2008"]
[Source "ChessBase"]
[SourceDate "2007.11.25"]
[SourceVersion "1"]
[SourceVersionDate "2007.11.25"]
[SourceQuality "1"]

1. e4 c5 2. c3 d5 3. exd5 Qxd5 4. Nf3 Nf6 5. d4 Bg4 6. Be2 e6 7. 0-0 cxd4 8. Nxd4 Bxe2 9. Qxe2 Be7 10. Nb5 Na6 11. Rd1 Qc6 12. Bf4 0-0 13. Nd2 Nc5 14. Nf3 a6 15. Nbd4 Qe4 16. Qd2 Nd5 17. Bg3 Qg6 18. Ne5 Qf6 19. Re1 Rad8 20. Qc2 Bd6 21. Rad1 Nd7 22. Ng4 Qg5 23. Bxd6 Qxg4 24. Bxf8 Rxf8 25. Qe4 N7f6 26. Qxg4 Nxg4 27. h3 Ngf6 28. Nb3 Rc8 29. Nd2 b5 30. Ne4 Nd7 31. g3 N7b6 32. Re2 Kf8 33. Kf1 Ke7 34. f4 Nc4 35. Kf2 Rd8 36. Rd4 Rc8 37. Ng5 Nf6 38. Nf3 Rc5 39. g4 g6 40. Ne1 a5 41. Nd3 Rc8 42. Ne5 Nb6 43. f5 g5 44. fxe6 fxe6 45. Nf3 Rf8 46. Kg3 Rg8 47. Re5 Nfd5 48. Nxg5 1-0

[Event "GER-chT U20 Girls"]
[Site "Naunhof"]
[Date "2005.12.27"]
[Round "2.1"]
[White "Handrick Morgenstern, Petra"]
[Black "Gahn, Juliane"]
[Result "1-0"]
[WhiteElo "1864"]
[BlackElo "1640"]
[PlyCount "69"]
[EventDate "2005.12.27"]
[EventType "team-swiss"]
[EventRounds "7"]
[EventCountry "GER"]
[SourceTitle "CBM 110 Extra"]
[Source "ChessBase"]
[SourceDate "2006.03.10"]
[SourceVersion "2"]
[SourceVersionDate "2006.03.10"]
[SourceQuality "1"]

1. d4 Nf6 2. c4 c5 3. d5 b5 4. cxb5 a6 5. bxa6 Bxa6 6. Nc3 d6 7. Nf3 g6 8. e4 Bxf1 9. Kxf1 Nbd7 10. h3 Bg7 11. Kg1 0-0 12. Kh2 Nb6 13. Qe2 Nfd7 14. Rd1 h6 15. Bf4 Qb8 16. Rab1 Qa7 17. e5 g5 18. Bg3 f5 19. exf6 Nxf6 20. Re1 Rf7 21. Rbd1 Nh5 22. Rd2 Nxg3 23. fxg3 Na4 24. Nxa4 Qxa4 25. a3 Rb8 26. Rc1 Bf6 27. Rc4 Qa5 28. Re4 Rb3 29. Re3 Rxe3 30. Qxe3 Rf8 31. h4 g4 32. Qe6+ Kh8 33. Qxg4 Bg7 34. Re2 Qa7 35. Qe4 1-0

[Event "GER-ch U14 Girls"]
[Site "Willingen"]
[Date "2005.05.21"]
[Round "9"]
[White "Gahn, Juliane"]
[Black "Smolkina, Milana"]
[Result "1/2-1/2"]
[WhiteElo "1606"]
[BlackElo "1709"]
[PlyCount "129"]
[EventDate "2005.05.14"]
[EventType "swiss"]
[EventRounds "9"]
[EventCountry "GER"]
[SourceTitle "CBM 106 Extra"]
[Source "ChessBase"]
[SourceDate "2005.07.01"]
[SourceVersion "1"]
[SourceVersionDate "2005.07.01"]
[SourceQuality "1"]

1. e4 c5 2. Nf3 d6 3. d4 cxd4 4. Nxd4 Nf6 5. Nc3 g6 6. Be2 Bg7 7. Be3 0-0 8. 0-0 Nc6 9. Kh1 Bd7 10. f4 Qc8 11. Qd2 Bg4 12. Rad1 Bxe2 13. Qxe2 Qg4 14. Rf3 Qc8 15. Qe1 Ng4 16. Bg1 a6 17. Nd5 Qd8 18. Qh4 Nf6 19. Rh3 h5 20. Nc3 Qc8 21. Rf3 Qg4 22. Qe1 Qc8 23. Nxc6 bxc6 24. Be3 Rb8 25. Bc1 Bh6 26. h3 Qb7 27. Qe2 Rbd8 28. Rg3 Kh7 29. Rgd3 Qc7 30. Rf3 a5 31. Be3 d5 32. e5 Ne8 33. Na4 Ng7 34. Bb6 Qc8 35. Bxd8 Rxd8 36. Qe1 Nf5 37. Nc5 Qc7 38. Qd2 h4 39. Kh2 Ng3 40. Nb3 a4 41. Nc5 Qa7 42. Qf2 Nh5 43. Nd3 Qxf2 44. Rxf2 e6 45. Kg1 Rc8 46. Rf3 c5 47. Rdf1 Ng3 48. Re1 Nh5 49. Ref1 Ng3 50. R1f2 Ne4 51. Re2 Ng3 52. Re1 Nh5 53. Nc1 Rb8 54. b3 axb3 55. axb3 Nxf4 56. Ref1 g5 57. Kh2 Bg7 58. Re1 Kg6 59. g3 hxg3+ 60. Kxg3 Rb4 61. Rfe3 Nh5+ 62. Kg2 Nf4+ 63. Kh2 Kf5 64. c3 Re4 65. b4 1/2-1/2

[Event "GER-ch U14 Girls"]
[Site "Willingen"]
[Date "2005.05.17"]
[Round "5"]
[White "Gahn, Juliane"]
[Black "Mertens, Pauline"]
[Result "1/2-1/2"]
[WhiteElo "1606"]
[BlackElo "1505"]
[PlyCount "41"]
[EventDate "2005.05.14"]
[EventType "swiss"]
[EventRounds "9"]
[EventCountry "GER"]
[SourceTitle "CBM 106 Extra"]
[Source "ChessBase"]
[SourceDate "2005.07.01"]
[SourceVersion "1"]
[SourceVersionDate "2005.07.01"]
[SourceQuality "1"]

1. e4 c5 2. Nf3 d6 3. d4 cxd4 4. Nxd4 Nf6 5. Nc3 a6 6. Be2 e5 7. Nb3 Be6 8. 0-0 Nbd7 9. Kh1 Be7 10. f4 0-0 11. Be3 Qc7 12. Qe1 b5 13. a3 Nc5 14. Nxc5 dxc5 15. f5 Bc8 16. Qg3 Rd8 17. Bh6 Bf8 18. Bg5 Be7 19. Bh6 Bf8 20. Bg5 Be7 21. Bh6 1/2-1/2

[Event "GER-ch U14 Girls"]
[Site "Willingen"]
[Date "2005.05.15"]
[Round "2"]
[White "Gahn, Juliane"]
[Black "Doering, Julia"]
[Result "0-1"]
[WhiteElo "1606"]
[BlackElo "1454"]
[PlyCount "58"]
[EventDate "2005.05.14"]
[EventType "swiss"]
[EventRounds "9"]
[EventCountry "GER"]
[SourceTitle "CBM 106 Extra"]
[Source "ChessBase"]
[SourceDate "2005.07.01"]
[SourceVersion "1"]
[SourceVersionDate "2005.07.01"]
[SourceQuality "1"]

1. e4 c6 2. d4 d5 3. Nd2 dxe4 4. Nxe4 Bf5 5. Ng3 Bg6 6. h4 h6 7. Nf3 Nd7 8. Bd3 Bxd3 9. Qxd3 Ngf6 10. c4 e6 11. Qe2 Be7 12. 0-0 Qc7 13. Bd2 Bd6 14. Nf5 0-0-0 15. Nxd6+ Qxd6 16. b4 Rdg8 17. Ne5 Qe7 18. Nf3 Ne8 19. d5 cxd5 20. cxd5 e5 21. Rac1+ Kb8 22. Qc4 Nb6 23. Qc3 f6 24. Be3 Nd6 25. Qb3 g5 26. g3 e4 27. hxg5 exf3 28. gxh6 Qe4 29. Bf4 Qxf4 0-1

[Event "Sachsen-ch U14 Girls"]
[Site "Sebnitz"]
[Date "2005.04.01"]
[Round "7"]
[White "Brjakow, Jennifer"]
[Black "Gahn, Juliane"]
[Result "0-1"]
[WhiteElo "1292"]
[BlackElo "1551"]
[PlyCount "54"]
[EventDate "2005.03.29"]
[EventType "swiss"]
[EventRounds "7"]
[EventCountry "GER"]
[SourceTitle "EXT 2007"]
[Source "ChessBase"]
[SourceDate "2006.11.23"]
[SourceVersion "1"]
[SourceVersionDate "2006.11.23"]
[SourceQuality "1"]

1. e4 c5 2. Nf3 e6 3. d4 cxd4 4. Nxd4 a6 5. Nc3 Qc7 6. Be2 Nf6 7. a3 b5 8. 0-0 Bb7 9. Bf3 Nc6 10. Nxc6 Bxc6 11. Re1 Bd6 12. g3 h6 13. Bg2 0-0 14. Be3 Be5 15. Qd2 Kh7 16. Bd4 Rad8 17. Bxe5 Qxe5 18. f4 Qc5+ 19. Qe3 Qxe3+ 20. Rxe3 d6 21. e5 Ng4 22. Ree1 Bxg2 23. Kxg2 dxe5 24. fxe5 Rd2+ 25. Kg1 Nxh2 26. Re2 Rxe2 27. Nxe2 Nf3+ 0-1

[Event "Sachsen-ch U14 Girls"]
[Site "Sebnitz"]
[Date "2005.03.31"]
[Round "4"]
[White "Gahn, Juliane"]
[Black "Lorenz, Nicole"]
[Result "1/2-1/2"]
[WhiteElo "1551"]
[BlackElo "1560"]
[PlyCount "56"]
[EventDate "2005.03.29"]
[EventType "swiss"]
[EventRounds "7"]
[EventCountry "GER"]
[SourceTitle "EXT 2007"]
[Source "ChessBase"]
[SourceDate "2006.11.23"]
[SourceVersion "1"]
[SourceVersionDate "2006.11.23"]
[SourceQuality "1"]

1. e4 d5 2. exd5 Qxd5 3. Nc3 Qa5 4. d4 c6 5. Nf3 Nf6 6. Bc4 Bf5 7. Bd2 e6 8. Ne4 Qc7 9. Nxf6+ gxf6 10. Bb3 Nd7 11. Qe2 0-0-0 12. 0-0-0 Bd6 13. Nh4 Bg6 14. Nxg6 hxg6 15. g3 Rh5 16. f4 Rdh8 17. h4 g5 18. Qf2 gxh4 19. Rxh4 Rxh4 20. gxh4 f5 21. Qg3 Qd8 22. Rh1 Qf6 23. c3 Qh6 24. Bd1 Nf6 25. Bf3 Rg8 26. Qh2 Ng4 27. Qg3 Nf6 28. Qh2 Ng4 1/2-1/2

[Event "Leipzig VfB op 12th"]
[Site "Leipzig"]
[Date "2005.03.06"]
[Round "9"]
[White "Reichelt, Holger"]
[Black "Gahn, Juliane"]
[Result "1/2-1/2"]
[WhiteElo "1992"]
[BlackElo "1556"]
[PlyCount "50"]
[EventDate "2005.01.03"]
[EventType "swiss"]
[EventRounds "9"]
[EventCountry "GER"]
[SourceTitle "EXT 2008"]
[Source "ChessBase"]
[SourceDate "2007.11.25"]
[SourceVersion "1"]
[SourceVersionDate "2007.11.25"]
[SourceQuality "1"]

1. d4 Nf6 2. Nf3 d6 3. c4 g6 4. Nc3 Bf5 5. Qb3 Qc8 6. Nh4 Bd7 7. e4 Bg7 8. Nf3 0-0 9. Be2 Na6 10. 0-0 Bc6 11. d5 Nc5 12. Qc2 Be8 13. b4 Ncxe4 14. Nxe4 Nxe4 15. Rb1 Nc3 16. Rb3 Ba4 17. Bd3 Bxb3 18. axb3 c5 19. bxc5 Qxc5 20. Bd2 Nxd5 21. cxd5 Qxc2 22. Bxc2 Rac8 23. Bd3 a6 24. Re1 Rfe8 25. b4 Bc3 1/2-1/2

[Event "Leipzig VfB op 12th"]
[Site "Leipzig"]
[Date "2005.03.05"]
[Round "7"]
[White "Mertin, Jan"]
[Black "Gahn, Juliane"]
[Result "1/2-1/2"]
[WhiteElo "2025"]
[BlackElo "1556"]
[PlyCount "43"]
[EventDate "2005.01.03"]
[EventType "swiss"]
[EventRounds "9"]
[EventCountry "GER"]
[SourceTitle "EXT 2008"]
[Source "ChessBase"]
[SourceDate "2007.11.25"]
[SourceVersion "1"]
[SourceVersionDate "2007.11.25"]
[SourceQuality "1"]

1. e4 c5 2. c4 Nc6 3. Nc3 g6 4. g3 Bg7 5. Bg2 a6 6. Nge2 e6 7. d3 Nge7 8. 0-0 0-0 9. Be3 Nd4 10. f4 d6 11. Rb1 Nec6 12. Bf2 Rb8 13. Nxd4 Nxd4 14. Ne2 Nxe2+ 15. Qxe2 b5 16. Rfd1 Qc7 17. b3 Bd7 18. d4 bxc4 19. Qxc4 Bb5 20. Qc2 c4 21. a4 Bd7 22. bxc4 1/2-1/2

[Event "Leipzig VfB op 12th"]
[Site "Leipzig"]
[Date "2005.03.04"]
[Round "6"]
[White "Gahn, Juliane"]
[Black "Scholbach, Tillmann"]
[Result "1-0"]
[WhiteElo "1556"]
[BlackElo "1983"]
[PlyCount "41"]
[EventDate "2005.01.03"]
[EventType "swiss"]
[EventRounds "9"]
[EventCountry "GER"]
[SourceTitle "EXT 2008"]
[Source "ChessBase"]
[SourceDate "2007.11.25"]
[SourceVersion "1"]
[SourceVersionDate "2007.11.25"]
[SourceQuality "1"]

1. e4 c5 2. Nf3 e6 3. d4 cxd4 4. Nxd4 Nf6 5. Nc3 Bb4 6. Bd3 d5 7. exd5 Nxd5 8. Bd2 Nxc3 9. bxc3 Ba5 10. 0-0 a6 11. Qf3 Qc7 12. Rab1 Nc6 13. Nxc6 bxc6 14. Be4 Bd7 15. Bf4 Qc8 16. Qg3 g6 17. Bd6 f6 18. Bxg6+ Kd8 19. Qf3 f5 20. Qg3 Be8 21. Qg5+ 1-0

[Event "Leipzig VfB op 12th"]
[Site "Leipzig"]
[Date "2005.03.01"]
[Round "1"]
[White "Lubbe, Melanie"]
[Black "Gahn, Juliane"]
[Result "1-0"]
[WhiteElo "2054"]
[BlackElo "1556"]
[PlyCount "56"]
[EventDate "2005.01.03"]
[EventType "swiss"]
[EventRounds "9"]
[EventCountry "GER"]
[SourceTitle "EXT 2008"]
[Source "ChessBase"]
[SourceDate "2007.11.25"]
[SourceVersion "1"]
[SourceVersionDate "2007.11.25"]
[SourceQuality "1"]

1. e4 c5 2. Nf3 e6 3. d4 cxd4 4. Nxd4 a6 5. Bd3 Qc7 6. c4 b6 7. 0-0 Bb7 8. Nc3 Ne7 9. Be3 Nbc6 10. Rc1 g6 11. Nxc6 Nxc6 12. Na4 Ne5 13. Nxb6 Rb8 14. Bb1 Bc5 15. Bxc5 Qxc5 16. Na4 Qb4 17. b3 Bc6 18. Qd4 f6 19. f4 Nf7 20. Qxf6 Bxa4 21. bxa4 0-0 22. f5 Qc5+ 23. Kh1 Nd6 24. Qg5 Rb4 25. Qd2 Rxc4 26. fxg6 Qf2 27. gxh7+ Kh8 28. Rxf2 Rxf2 1-0

[Event "Leipzig VfB op 11th"]
[Site "Leipzig"]
[Date "2004.03.20"]
[Round "8"]
[White "Gahn, Juliane"]
[Black "Dehning Busse, Karsten"]
[Result "1/2-1/2"]
[WhiteElo "1291"]
[BlackElo "1667"]
[PlyCount "38"]
[EventDate "2004.03.16"]
[EventType "swiss"]
[EventRounds "9"]
[EventCountry "GER"]
[SourceTitle "EXT 2007"]
[Source "ChessBase"]
[SourceDate "2006.11.23"]
[SourceVersion "1"]
[SourceVersionDate "2006.11.23"]
[SourceQuality "1"]

1. e4 d6 2. d4 Nf6 3. Nc3 g6 4. g3 Bg7 5. Nge2 0-0 6. Bg2 c6 7. 0-0 Qc7 8. f4 e6 9. Kh1 a5 10. a4 Na6 11. Be3 d5 12. Qd2 dxe4 13. Nxe4 Nxe4 14. Bxe4 Nb4 15. Nc1 b6 16. c3 Nd5 17. Nd3 Ba6 18. Rfe1 Bxd3 19. Qxd3 Nxe3 1/2-1/2

[Event "Leipzig VfB op 11th"]
[Site "Leipzig"]
[Date "2004.03.17"]
[Round "3"]
[White "Gasch, Franziska"]
[Black "Gahn, Juliane"]
[Result "1-0"]
[WhiteElo "1571"]
[BlackElo "1291"]
[PlyCount "63"]
[EventDate "2004.03.16"]
[EventType "swiss"]
[EventRounds "9"]
[EventCountry "GER"]
[SourceTitle "EXT 2007"]
[Source "ChessBase"]
[SourceDate "2006.11.23"]
[SourceVersion "1"]
[SourceVersionDate "2006.11.23"]
[SourceQuality "1"]

1. e4 c5 2. d4 e6 3. Nf3 cxd4 4. Nxd4 a6 5. Be2 Qc7 6. 0-0 Ne7 7. f4 d5 8. e5 Nd7 9. Be3 Nc5 10. Nc3 b5 11. b4 Nd7 12. Qd2 Bb7 13. a4 Rc8 14. Ra3 Nc6 15. Nxc6 Bxc6 16. Rb1 a5 17. axb5 Bxb4 18. bxc6 Qxc6 19. Bb5 Qc7 20. Rxb4 axb4 21. Ra7 bxc3 22. Qd3 Qb8 23. Bxd7+ Kf8 24. Bxc8 Qxc8 25. Qa6 Qxa6 26. Rxa6 g6 27. f5 exf5 28. Ra8+ Kg7 29. Bh6+ Kxh6 30. Rxh8 g5 31. Rd8 Kg6 32. Rd6+ 1-0

[Event "GER-ch U12"]
[Site "Willingen"]
[Date "2003.06.08"]
[Round "2"]
[White "Gahn, Juliane"]
[Black "Frey, Alisa"]
[Result "0-1"]
[WhiteElo "1379"]
[BlackElo "1138"]
[PlyCount "56"]
[EventDate "2003.06.08"]
[EventType "swiss"]
[EventRounds "11"]
[EventCountry "GER"]
[SourceTitle "CBM 094 Extra"]
[Source "ChessBase"]
[SourceDate "2003.07.09"]
[SourceVersion "2"]
[SourceVersionDate "2003.07.09"]
[SourceQuality "1"]

1. e4 e5 2. Nf3 Nc6 3. Bc4 Bc5 4. b4 Bxb4 5. c3 Ba5 6. Qb3 Qe7 7. Ba3 d6 8. 0-0 Bg4 9. Qxb7 Rd8 10. Qxc6+ Rd7 11. Qd5 Bb6 12. Bb5 Nf6 13. Bxd7+ Qxd7 14. Qa8+ Qc8 15. Qxc8+ Bxc8 16. d4 Ba6 17. Re1 0-0 18. dxe5 dxe5 19. Nxe5 Re8 20. Nc6 Nxe4 21. Ne7+ Rxe7 22. Bxe7 Bxf2+ 23. Kh1 Bxe1 24. Bb4 Bb7 25. a3 Nf6 26. Kg1 Ng4 27. Kf1 Bf2 28. h3 Ba6+ 0-1